Závody stavebního průmyslu

Salvato in:
Dettagli Bibliografici
Autori principali: Pytlík, Petr (Autore), Kohut, Jiří (Autore)
Natura: Libro
Lingua:ceco
Pubblicazione: Brno : Vysoké učení technické v Brně, 1986
Tags: Aggiungi Tag
Nessun Tag, puoi essere il primo ad aggiungerne!!

MARC

LEADER 00000nam a22000003a 4500
001 stu89071
005 20200911123941.8
008 040720s1986----cs------------------cze-d
040 |a STU  |b slo 
041 0 |a cze 
044 |a cs 
080 |a 69 
100 1 |a Pytlík, Petr  |4 aut 
245 1 |a Závody stavebního průmyslu 
260 |a Brno :  |b Vysoké učení technické v Brně,  |c 1986 
300 |a 271 s 
700 1 |a Kohut, Jiří  |4 aut 
996 |b 284V029469  |c V*25504/S-87  |l VVT  |s A  |a 24  |w stu89071_0001